Invázia do Severnej Kórey
Rokovania medzi americkým finančníkom G. Schulzom a predsedom severokórejskej štátnej investičnej skupiny Taepung o predaji Coca-Coly v Kórei. Severná Kórea otvorená pre zahraničných podnikateľov. Plán desaťročnej premeny severokórejskej ekonomiky. Strategická Coca-Cola - most medzi vládami. Bolo by...
Enregistré dans:
| Auteur principal: | |
|---|---|
| Format: | Chapitre de livre |
| Langue: | slovaque |
| Sujets: | |
| Tags: |
Pas de tags, Soyez le premier à ajouter un tag!
|
MARC
| LEADER | 00000naa a2200000 4500 | ||
|---|---|---|---|
| 001 | 0146265 | ||
| 005 | 20231009104716.8 | ||
| 041 | 0 | |a slo | |
| 044 | |a SK | ||
| 245 | 1 | 0 | |a Invázia do Severnej Kórey |c Gady Epstein |
| 520 | |a Rokovania medzi americkým finančníkom G. Schulzom a predsedom severokórejskej štátnej investičnej skupiny Taepung o predaji Coca-Coly v Kórei. Severná Kórea otvorená pre zahraničných podnikateľov. Plán desaťročnej premeny severokórejskej ekonomiky. Strategická Coca-Cola - most medzi vládami. Bolo by podnikanie Coca-Coly v Severnej Kórei legálne, aj keď sú na krajinu uvalené medzinárodné a americké sankcie? | ||
| 610 | 2 | 0 | |a obchod zahraničný |
| 610 | 2 | 0 | |a spolupráca medzinárodná |
| 610 | 2 | 0 | |a ideológia |
| 610 | 2 | 0 | |a komunizmus |
| 610 | 2 | 0 | |a firmy |
| 610 | 2 | 0 | |a USA |
| 610 | 2 | 0 | |a Severná Kórea |
| 100 | 1 | |a Epstein, Gady | |